ბათუმის შოთა რუსთაველის სახელმწიფო უნივერსიტეტის ბიბლიოთეკა

საბავშვო პიესები:ნიშნების საუბარი. ცერცეტა. ცეროს კლუბი. წიფლია. აჩაკუნე (ბიბ.ჩანაწერი № 51025)

000 -LEADER
fixed length control field 00992nam a2200217Ia 4500
001 - CONTROL NUMBER
control field 17982
003 - CONTROL NUMBER IDENTIFIER
control field GE_BSU
008 - FIXED-LENGTH DATA ELEMENTS--GENERAL INFORMATION
fixed length control field 181216s||||||||xx |||||||||||||| ||und||
040 ## - CATALOGING SOURCE
Transcribing agency GE_BSU
080 ## - UNIVERSAL DECIMAL CLASSIFICATION NUMBER
Universal Decimal Classification number 82-93:821.353.1-2
245 ## - TITLE STATEMENT
Title საბავშვო პიესები:ნიშნების საუბარი. ცერცეტა. ცეროს კლუბი. წიფლია. აჩაკუნე
245 ## - TITLE STATEMENT
Remainder of title პატარარა სცენისმოყვარეებს
245 ## - TITLE STATEMENT
Statement of responsibility, etc. რედ.ლ.ცაგარეიშვილი. მხატვ.ნ. ხინველი
260 ## - PUBLICATION, DISTRIBUTION, ETC.
Place of publication, distribution, etc. თბილისი
260 ## - PUBLICATION, DISTRIBUTION, ETC.
Name of publisher, distributor, etc. ნაკადული
260 ## - PUBLICATION, DISTRIBUTION, ETC.
Date of publication, distribution, etc. 1960
300 ## - PHYSICAL DESCRIPTION
Extent 190გვ.22სმ.
653 ## - INDEX TERM--UNCONTROLLED
Uncontrolled term ნიშნების საუბარი. ცერცეტა. ცეროს კლუბი. წიფლია. აჩაკუნე
653 ## - INDEX TERM--UNCONTROLLED
Uncontrolled term საბავშვო პიესები
942 ## - ADDED ENTRY ELEMENTS (KOHA)
Koha item type წიგნი
ეგზემპლარები
Withdrawn status Lost status Damaged status Not for loan Date acquired Barcode Date last seen Price effective from Koha item type
        2018-12-17 41500 2018-12-17 2018-12-17 წიგნი
        2018-12-17 41499 2018-12-17 2018-12-17 წიგნი
        2018-12-17 41498 2018-12-17 2018-12-17 წიგნი